Statistics for Find the Spelling #12

Click here to take the quiz!

General Stats

  • This quiz has been taken 39 times
  • The average score is 4 of 5

Answer Stats

QuestionAnswer% Correct
Which is correctRecommendation
91%
Which is correct?Hierarchy
88%
Which is correct?Maintenance
85%
Which is correct?Sergeant
74%
Which is correct?Surveillance
74%

Score Distribution

Percentile by Number Answered

Percent of People with Each Score

Your Score History

You have not taken this quiz